000 00410nam a2200181Ia 4500
005 20240823061435.0
008 240823s9999||||xx |||||||||||||| ||und||
041 _aENGLISH
082 _A016.691 Q3
100 _aSoundara Rajan V
245 0 _aPrefabricated Structures
250 _a1st
260 _c2013
_bARS Publica
500 _aYES
650 _aStructure
_bCivil
942 _cBK
999 _c233538
_d233538